Uruguay 2022 FIFA World Cup Squad - Statistics

General Stats
  • This quiz has been taken 1,430 times
    1,364 since last reset
  • The average score is 13 of 27
Answer Stats
# Position Player % Correct
9 FW Luis Suárez
98%
21 FW Edinson Cavani
89%
15 MF Federico Valverde
82%
3 DF © Diego Godín
79%
1 GK Fernando Muslera
77%
11 FW Darwin Núñez
74%
2 DF José Giménez
68%
6 MF Rodrigo Bentancur
61%
4 DF Ronald Araújo
60%
10 MF Giorgian de Arrascaeta
48%
8 FW Facundo Pellistri
44%
22 DF Martín Cáceres
43%
23 GK Sergio Rochet
42%
5 MF Matías Vecino
39%
14 MF Lucas Torreira
38%
16 DF Mathías Olivera
34%
7 MF Nicolás de la Cruz
34%
19 DF Sebastián Coates
33%
26 DF José Luis Rodríguez
32%
24 MF Manuel Ugarte
31%
17 DF Matías Viña
29%
18 FW Maxi Gómez
29%
13 DF Guillermo Varela
27%
Manager Diego Alonso
24%
25 FW Facundo Torres
23%
12 GK Sebastián Sosa
19%
20 FW Agustín Canobbio
17%
No matching quizzes found
Score Distribution
Percent of People with Each Score
Percentile by Number Answered
Your Score History
You have not taken this quiz since the last reset